书目信息 |
| 题名: |
现代教育信息化理论的整合与创新研究
|
|
| 作者: | 田春艳 , 何春钢 著 | |
| 分册: | ||
| 出版信息: | 西安 西安交通大学出版社 2017.08 |
|
| 页数: | 187页 | |
| 开本: | 24cm | |
| 丛书名: | ||
| 单 册: | ||
| 中图分类: | G43 | |
| 科图分类: | ||
| 主题词: | 教育工作--信息化--研究 | |
| 电子资源: | ||
| ISBN: | 978-7-5693-0052-9 | |
| 000 | 01013nam0 2200229 450 | |
| 001 | 4367 | |
| 005 | 20180613142808.63 | |
| 010 | @a978-7-5693-0052-9@dCNY50.00 | |
| 100 | @a20180412d2017 em y0chiy50 ea | |
| 101 | 0 | @achi |
| 102 | @aCN@b610000 | |
| 105 | @aa z 000yy | |
| 200 | 1 | @a现代教育信息化理论的整合与创新研究@9xian dai jiao yu xin xi hua li lun de zheng he yu chuang xin yan jiu@f田春艳,何春钢著 |
| 210 | @a西安@c西安交通大学出版社@d2017.08 | |
| 215 | @a187页@c图@d24cm | |
| 330 | @a本书以现代教育信息化为主题,一方面整合现代教育信息化理论,包括现代教育信息化的概念、内涵、特征、概况分析以及新阶段的思考,现代教育传媒理论、信息化环境下的教与学理论、教学设计,以及现代教育信息化教学资源与教学过程,面向信息化的教师专业发展,现代教育信息技术与课程整合,教育信息化的重要创新——翻转课堂和创新实例。 | |
| 606 | 0 | @a教育工作@x信息化@x研究 |
| 690 | @aG43@v5 | |
| 701 | 0 | @a田春艳@9tian chun yan@4著 |
| 701 | 0 | @a何春钢@9he chun gang@4著 |
| 801 | 0 | @aCN@b91MARC@c20180412 |
| 905 | @aMuseLib@dG43@e141 | |
| 现代教育信息化理论的整合与创新研究/田春艳,何春钢著.-西安:西安交通大学出版社,2017.08 |
| 187页:图;24cm |
| ISBN 978-7-5693-0052-9:CNY50.00 |
| 本书以现代教育信息化为主题,一方面整合现代教育信息化理论,包括现代教育信息化的概念、内涵、特征、概况分析以及新阶段的思考,现代教育传媒理论、信息化环境下的教与学理论、教学设计,以及现代教育信息化教学资源与教学过程,面向信息化的教师专业发展,现代教育信息技术与课程整合,教育信息化的重要创新——翻转课堂和创新实例。 |
| ● |
| 相关链接 |
|
|
|
|
正题名:现代教育信息化理论的整合与创新研究
索取号:G43/141
 
预约/预借
| 序号 | 登录号 | 条形码 | 馆藏地/架位号 | 状态 | 备注 |
| 1 | 1117193 | 211171934 | 第一样本阅览室/ [索取号:G43/141] | 在馆 | |
| 2 | 1117194 | 211171943 | 教育系资料室/ [索取号:G43/141] | 在馆 | |
| 3 | 1117195 | 211171952 | 教育系资料室/ [索取号:G43/141] | 在馆 | |
| 4 | 1117196 | 211171961 | 教育系资料室/ [索取号:G43/141] | 在馆 | |
| 5 | 1117197 | 211171970 | 第四借阅区/ [索取号:G43/141] | 在馆 |